[Event "European Team-ch 2007"]
[Site "Crete GRE"]
[Date "2007.11.05"]
[Round "8.13"]
[White "Markus, Robert"]
[Black "Lauk, Ular"]
[Result "1-0"]
[WhiteElo "2586"]
[BlackElo "2414"]
[PlyCount "91"]
[EventDate "2007.10.28"]
[EventType "team"]
[EventRounds "9"]
[EventCountry "GRE"]
[Source "lmi"]
[SourceDate "2007.10.28"]
[WhiteTeam "SRB"]
[BlackTeam "Estonia"]
[BlackTeamCountry "EST"]

1. d4 Nf6 2. Nf3 d6 3. c4 Bg4 4. Nc3 Nbd7 5. e4 e5 6. Be2 Be7 7. O-O O-O 8. Be3
c6 9. d5 c5 10. Ne1 Bxe2 11. Qxe2 Ne8 12. f3 Bg5 13. Bf2 h5 14. Nd3 h4 15. Rab1
Nef6 16. g3 hxg3 17. hxg3 g6 18. Kg2 Nh5 19. Rh1 Kg7 20. b4 cxb4 21. Rxb4 b6
22. a4 Rh8 23. Rbb1 Nc5 24. Nb4 Rh6 25. Nc6 Qf6 26. Rh3 Rah8 27. Rbh1 a6 28.
Qd1 R8h7 29. Ne2 Kg8 30. a5 bxa5 31. Bxc5 dxc5 32. d6 Qe6 33. Qd5 Qxd5 34. cxd5
Nf6 35. Rxh6 Rxh6 36. Rxh6 Bxh6 37. Nxe5 Bd2 38. Nc4 Bb4 39. e5 Kf8 40. exf6
Ke8 41. Nc1 Bc3 42. Na2 Bxf6 43. Nxa5 Kd7 44. Nc4 a5 45. Kf2 a4 46. Ke3 1-0

[Event "European Team-ch 2007"]
[Site "Crete GRE"]
[Date "2007.11.05"]
[Round "8.14"]
[White "Godena, Michele"]
[Black "Naiditsch, Arkadij"]
[Result "1-0"]
[WhiteElo "2535"]
[BlackElo "2639"]
[PlyCount "39"]
[EventDate "2007.10.28"]
[EventType "team"]
[EventRounds "9"]
[EventCountry "GRE"]
[Source "lmi"]
[SourceDate "2007.10.28"]
[WhiteTeam "Italy"]
[BlackTeam "Germany"]
[WhiteTeamCountry "ITA"]
[BlackTeamCountry "GER"]

1. e4 e5 2. Nf3 Nc6 3. Bb5 a6 4. Ba4 Nf6 5. d3 b5 6. Bb3 Bc5 7. a4 Rb8 8. axb5
axb5 9. Nc3 d6 10. Nd5 h6 11. c3 O-O 12. d4 exd4 13. cxd4 Nxd5 14. dxc5 Nf6 15.
cxd6 Nxe4 16. dxc7 Qxc7 17. O-O Bg4 18. Qc2 Bxf3 19. gxf3 Nf6 20. Bxh6 1-0

[Event "European Team-ch 2007"]
[Site "Crete GRE"]
[Date "2007.11.05"]
[Round "8.14"]
[White "Gustafsson, Jan"]
[Black "Caruana, Fabiano"]
[Result "1-0"]
[WhiteElo "2606"]
[BlackElo "2594"]
[PlyCount "97"]
[EventDate "2007.10.28"]
[EventType "team"]
[EventRounds "9"]
[EventCountry "GRE"]
[Source "lmi"]
[SourceDate "2007.10.28"]
[WhiteTeam "Germany"]
[BlackTeam "Italy"]
[WhiteTeamCountry "GER"]
[BlackTeamCountry "ITA"]

1. d4 e6 2. c4 Bb4+ 3. Nd2 Nf6 4. Ngf3 b6 5. a3 Bxd2+ 6. Qxd2 Bb7 7. e3 d6 8.
Be2 Nbd7 9. O-O O-O 10. b4 Qe7 11. Bb2 Rac8 12. Rfd1 Rfd8 13. Qc3 Ne4 14. Qb3
c5 15. Nd2 Nxd2 16. Rxd2 Qg5 17. f3 cxd4 18. Rxd4 Ne5 19. Kh1 d5 20. c5 Qe7 21.
Rdd1 Ng6 22. cxb6 axb6 23. a4 Rb8 24. Qc3 e5 25. a5 bxa5 26. bxa5 Ba8 27. a6
Rbc8 28. Qd2 d4 29. exd4 e4 30. fxe4 Bxe4 31. Bd3 Bd5 32. Re1 Qd6 33. Bf1 Qc6
34. Rec1 Qa8 35. Rxc8 Rxc8 36. Kg1 h6 37. a7 Kh7 38. g3 Rc7 39. Bg2 Ne7 40.
Bxd5 Nxd5 41. Qd3+ g6 42. Qb3 Rc8 43. Ra5 Rd8 44. Qf3 Kg7 45. Bc1 f6 46. Qe4
Rd6 47. h4 Rd7 48. h5 Rxa7 49. Rxd5 1-0

[Event "European Team-ch 2007"]
[Site "Crete GRE"]
[Date "2007.11.05"]
[Round "8.14"]
[White "Brunello, Sabino"]
[Black "Kritz, Leonid"]
[Result "1-0"]
[WhiteElo "2489"]
[BlackElo "2596"]
[PlyCount "53"]
[EventDate "2007.10.28"]
[EventType "team"]
[EventRounds "9"]
[EventCountry "GRE"]
[Source "lmi"]
[SourceDate "2007.10.28"]
[WhiteTeam "Italy"]
[BlackTeam "Germany"]
[WhiteTeamCountry "ITA"]
[BlackTeamCountry "GER"]

1. e4 c5 2. Nf3 Nc6 3. d4 cxd4 4. Nxd4 Qb6 5. Nb3 e6 6. Nc3 Qc7 7. Bd3 d6 8.
O-O a6 9. f4 Nf6 10. Qe2 Be7 11. Bd2 Nd7 12. Rae1 Nc5 13. Kh1 Nxd3 14. cxd3 b5
15. Nd5 exd5 16. exd5 Nd8 17. Nd4 Ra7 18. f5 f6 19. Qh5+ Kf8 20. Re4 Bd7 21.
Rfe1 Be8 22. Qf3 Qc8 23. Qe3 Qd7 24. Nc6 Nxc6 25. dxc6 Qc7 26. Ba5 Qxa5 27.
Qxa7 1-0

[Event "European Team-ch 2007"]
[Site "Crete GRE"]
[Date "2007.11.05"]
[Round "8.14"]
[White "Buhmann, Rainer"]
[Black "D'amore, Carlo"]
[Result "1/2-1/2"]
[WhiteElo "2567"]
[BlackElo "2477"]
[PlyCount "37"]
[EventDate "2007.10.28"]
[EventType "team"]
[EventRounds "9"]
[EventCountry "GRE"]
[Source "lmi"]
[SourceDate "2007.10.28"]
[WhiteTeam "Germany"]
[BlackTeam "Italy"]
[WhiteTeamCountry "GER"]
[BlackTeamCountry "ITA"]

1. Nf3 Nf6 2. c4 c6 3. d4 d5 4. Nc3 e6 5. Bg5 h6 6. Bh4 dxc4 7. e4 g5 8. Bg3 b5
9. Be2 Bb7 10. O-O Nbd7 11. Ne5 h5 12. Nxd7 Qxd7 13. Qc1 Rg8 14. Rd1 Rg6 15. b3
b4 16. Na4 Nxe4 17. Qxc4 Qd5 18. Qc2 Nxg3 19. hxg3 1/2-1/2

[Event "European Team-ch 2007"]
[Site "Crete GRE"]
[Date "2007.11.05"]
[Round "8.15"]
[White "Karttunen, Mika"]
[Black "Haznedaroglu, Kivanc"]
[Result "1/2-1/2"]
[WhiteElo "2427"]
[BlackElo "2468"]
[PlyCount "100"]
[EventDate "2007.10.28"]
[EventType "team"]
[EventRounds "9"]
[EventCountry "GRE"]
[Source "lmi"]
[SourceDate "2007.10.28"]
[WhiteTeam "Finland"]
[BlackTeam "Turkey"]
[WhiteTeamCountry "FIN"]
[BlackTeamCountry "TUR"]

1. d4 d5 2. c4 c6 3. cxd5 cxd5 4. Nc3 Nf6 5. Bf4 Nc6 6. e3 Bf5 7. Rc1 e6 8. Qb3
Qb6 9. Qxb6 axb6 10. a3 Be7 11. f3 O-O 12. g4 Bg6 13. h4 h5 14. g5 Ne8 15. Nb5
f6 16. gxf6 Bxf6 17. Bc7 Nxc7 18. Nxc7 Rac8 19. Nxe6 Rfe8 20. Bh3 Bf7 21. Nxg7
Kxg7 22. Bxc8 Rxc8 23. Ne2 Re8 24. Kf2 b5 25. Rc5 b4 26. axb4 Nxb4 27. Nf4 Be7
28. Rc7 Bd6 29. Nxh5+ Kf8 30. Rd7 Re6 31. Ng3 Nd3+ 32. Ke2 Bxg3 33. Rxf7+ Kxf7
34. Kxd3 Rb6 35. Kc3 Bf2 36. e4 Rc6+ 37. Kd3 Rc4 38. h5 Bxd4 39. exd5 Rb4 40.
Rh4 Bc5 41. Rxb4 Bxb4 42. Kc4 Bd2 43. Kc5 Ke7 44. Kb6 Kd6 45. Kxb7 Kxd5 46. Kb6
Ke5 47. Kc5 Kf5 48. b4 Kg5 49. b5 Kxh5 50. b6 Be3+ 1/2-1/2

[Event "European Team-ch 2007"]
[Site "Crete GRE"]
[Date "2007.11.05"]
[Round "8.15"]
[White "Esen, Baris"]
[Black "Westerinen, Heikki M J"]
[Result "1-0"]
[WhiteElo "2453"]
[BlackElo "2371"]
[PlyCount "111"]
[EventDate "2007.10.28"]
[EventType "team"]
[EventRounds "9"]
[EventCountry "GRE"]
[Source "lmi"]
[SourceDate "2007.10.28"]
[WhiteTeam "Turkey"]
[BlackTeam "Finland"]
[WhiteTeamCountry "TUR"]
[BlackTeamCountry "FIN"]

1. d4 Nf6 2. Nf3 d5 3. c4 c6 4. e3 a6 5. Bd3 Bg4 6. Nbd2 Nbd7 7. Qc2 e6 8. b3
Bd6 9. Bb2 Qb8 10. O-O O-O 11. h3 Bxf3 12. Nxf3 e5 13. cxd5 cxd5 14. dxe5 Nxe5
15. Nd4 Re8 16. Rfd1 Nxd3 17. Qxd3 Be5 18. Rac1 Ne4 19. Rc2 Qd8 20. Nf3 Bxb2
21. Rxb2 Nf6 22. Rc2 Rc8 23. Rdc1 Rxc2 24. Qxc2 Qa5 25. a4 Kf8 26. Nd4 Qb6 27.
Qf5 g6 28. Qf4 Kg7 29. a5 Qxa5 30. Nf5+ gxf5 31. Qg5+ Kf8 32. Qxf6 Qd8 33. Qh8+
Ke7 34. Qxh7 Ke6 35. Qh6+ Qf6 36. Qf4 Qe5 37. Qxe5+ Kxe5 38. Rc7 b5 39. Rxf7 d4
40. exd4+ Kxd4 41. Rxf5 Kc3 42. Rf3+ Kb4 43. g4 a5 44. Kg2 a4 45. bxa4 bxa4 46.
Rd3 a3 47. Rd1 a2 48. g5 Ra8 49. Ra1 Kb3 50. h4 Kb2 51. Rxa2+ Rxa2 52. g6 Kc3
53. g7 Ra8 54. h5 Rg8 55. h6 Kd4 56. Kf1 1-0

[Event "European Team-ch 2007"]
[Site "Crete GRE"]
[Date "2007.11.05"]
[Round "8.15"]
[White "Keskinen, Sauli"]
[Black "Erdogdu, Mert"]
[Result "1-0"]
[WhiteElo "2298"]
[BlackElo "2440"]
[PlyCount "107"]
[EventDate "2007.10.28"]
[EventType "team"]
[EventRounds "9"]
[EventCountry "GRE"]
[Source "lmi"]
[SourceDate "2007.10.28"]
[WhiteTeam "Finland"]
[BlackTeam "Turkey"]
[WhiteTeamCountry "FIN"]
[BlackTeamCountry "TUR"]

1. e4 c5 2. Nc3 d6 3. g3 Nc6 4. Bg2 g6 5. d3 Bg7 6. Be3 e6 7. Qd2 Rb8 8. Nge2
Nd4 9. Nc1 b5 10. O-O Ne7 11. Nd1 b4 12. c3 bxc3 13. bxc3 Ndc6 14. Bh6 O-O 15.
Bxg7 Kxg7 16. Ne3 e5 17. f4 f6 18. Ne2 Ba6 19. Rab1 Qa5 20. h4 Nd4 21. Rxb8
Rxb8 22. fxe5 Nxe2+ 23. Qxe2 dxe5 24. c4 Qc3 25. Qf3 Rb6 26. g4 Qd4 27. Kh1 Bb7
28. Nd5 Nxd5 29. cxd5 Ba6 30. g5 Bxd3 31. gxf6+ Kf7 32. Qg4 Qa4 33. Rf2 Qe8 34.
Qg5 c4 35. Kh2 Qd8 36. Bh3 Rxf6 37. Be6+ Kg7 38. Qxe5 c3 39. Qxc3 Bxe4 40. Qe5
Bf5 41. Bxf5 gxf5 42. Rxf5 Qd6 43. Qxd6 Rxd6 44. Kg3 Ra6 45. Kf4 Rxa2 46. Ke5
Re2+ 47. Kd6 Re4 48. h5 a5 49. Kc5 Re8 50. d6 Ra8 51. d7 a4 52. Rd5 Rd8 53. Kd6
Kh6 54. Ke7 1-0

[Event "European Team-ch 2007"]
[Site "Crete GRE"]
[Date "2007.11.05"]
[Round "8.16"]
[White "Lupulescu, Constantin"]
[Black "Kozul, Zdenko"]
[Result "1-0"]
[WhiteElo "2562"]
[BlackElo "2609"]
[PlyCount "103"]
[EventDate "2007.10.28"]
[EventType "team"]
[EventRounds "9"]
[EventCountry "GRE"]
[Source "lmi"]
[SourceDate "2007.10.28"]
[WhiteTeam "Romania"]
[BlackTeam "Croatia"]
[WhiteTeamCountry "ROM"]
[BlackTeamCountry "CRO"]

1. e4 c5 2. Nf3 d6 3. d4 cxd4 4. Nxd4 Nf6 5. Nc3 Nc6 6. Bc4 Qb6 7. Nxc6 bxc6 8.
O-O g6 9. Qe1 Qc7 10. Bf4 Nd7 11. Qd2 Bg7 12. Bh6 O-O 13. Bxg7 Kxg7 14. Kh1 Nf6
15. Rae1 Rd8 16. Bd3 Rb8 17. Nd1 e6 18. f4 d5 19. e5 Ng8 20. b3 c5 21. Qe2 Qa5
22. c3 Rb6 23. Rf3 Ba6 24. Nf2 Ne7 25. Ng4 h5 26. Nf6 Nf5 27. Rg1 h4 28. Rh3
Bxd3 29. Qxd3 Qxa2 30. g4 hxg3 31. hxg3 Rxb3 32. g4 Nd4 33. f5 Qe2 34. Rh7+ Kf8
35. fxg6 fxg6 36. Rh8+ Ke7 37. Rh7+ Kf8 38. Qh3 Qf3+ 39. Qxf3 Nxf3 40. Ra1 Ra8
41. Rh8+ Kg7 42. Rh7+ Kf8 43. Rh8+ Kg7 44. Rxa8 Kh6 45. Rf1 Nxe5 46. Re8 Nc4
47. Rxe6 d4 48. cxd4 cxd4 49. Ne4 Ne3 50. Rg1 Nd5 51. g5+ Kg7 52. Ra1 1-0

[Event "European Team-ch 2007"]
[Site "Crete GRE"]
[Date "2007.11.05"]
[Round "8.16"]
[White "Zelcic, Robert"]
[Black "Jianu, Vlad-Cristian"]
[Result "1/2-1/2"]
[WhiteElo "2578"]
[BlackElo "2535"]
[PlyCount "109"]
[EventDate "2007.10.28"]
[EventType "team"]
[EventRounds "9"]
[EventCountry "GRE"]
[Source "lmi"]
[SourceDate "2007.10.28"]
[WhiteTeam "Croatia"]
[BlackTeam "Romania"]
[WhiteTeamCountry "CRO"]
[BlackTeamCountry "ROM"]

1. e4 c5 2. Nf3 d6 3. d4 cxd4 4. Nxd4 Nf6 5. Nc3 g6 6. Bc4 Bg7 7. O-O Nc6 8.
Re1 O-O 9. h3 Bd7 10. Bg5 Rc8 11. Bb3 a6 12. Nf3 Na5 13. Qd2 Re8 14. Bh6 Bh8
15. Rad1 Nxb3 16. axb3 Qc7 17. Bg5 Bc6 18. Nd4 b5 19. Nxc6 Qxc6 20. Nd5 Nxd5
21. exd5 Qxc2 22. Qxc2 Rxc2 23. Bxe7 Bxb2 24. Bxd6 Rxe1+ 25. Rxe1 Rd2 26. Re8+
Kg7 27. Bf8+ Kf6 28. Be7+ Kf5 29. g4+ Kf4 30. Rf8 f5 31. gxf5 gxf5 32. Kg2 Rxd5
33. Ra8 Ke4 34. Rxa6 f4 35. h4 f3+ 36. Kh3 Be5 37. Rh6 Bd4 38. Kg3 Rd7 39. Bg5
Rc7 40. Re6+ Kf5 41. Re8 Rc3 42. Rf8+ Ke4 43. Rf4+ Kd3 44. Rxf3+ Kc2 45. b4
Be5+ 46. Bf4 Bxf4+ 47. Kxf4 Rxf3+ 48. Kxf3 Kc3 49. Ke4 Kxb4 50. Kd4 Ka3 51. f4
b4 52. f5 b3 53. f6 b2 54. f7 b1=Q 55. f8=Q+ 1/2-1/2

[Event "European Team-ch 2007"]
[Site "Crete GRE"]
[Date "2007.11.05"]
[Round "8.16"]
[White "Berescu, Alin"]
[Black "Brkic, Ante"]
[Result "0-1"]
[WhiteElo "2508"]
[BlackElo "2577"]
[PlyCount "128"]
[EventDate "2007.10.28"]
[EventType "team"]
[EventRounds "9"]
[EventCountry "GRE"]
[Source "lmi"]
[SourceDate "2007.10.28"]
[WhiteTeam "Romania"]
[BlackTeam "Croatia"]
[WhiteTeamCountry "ROM"]
[BlackTeamCountry "CRO"]

1. e4 e5 2. Nf3 Nc6 3. Bb5 a6 4. Bxc6 dxc6 5. O-O Ne7 6. d4 exd4 7. Nxd4 c5 8.
Ne2 Qxd1 9. Rxd1 Bd7 10. Nbc3 O-O-O 11. Bf4 Ng6 12. Bg3 Re8 13. Rd2 Bc6 14.
Rad1 Be7 15. Nd5 Bg5 16. f4 Bd8 17. e5 h5 18. Bf2 b6 19. c4 a5 20. g3 h4 21.
Nec3 hxg3 22. hxg3 f6 23. exf6 gxf6 24. Re1 Reg8 25. Kf1 Bd7 26. a4 Bg4 27. Bg1
c6 28. Ne3 Bh3+ 29. Ke2 Nf8 30. Kf3 Ne6 31. Ne2 Bc7 32. Bf2 Rf8 33. Bg1 Rh7 34.
Nd1 Re7 35. Be3 Ng5+ 36. fxg5 fxg5+ 37. Nf4 gxf4 38. gxf4 Bxf4 39. Bxf4 Rxe1
40. Ne3 Bd7 41. Ke4 Rh1 42. Bh2 Rh8 43. Bg3 R1h3 44. Bf4 Re8+ 45. Kd3 Bf5+ 46.
Ke2 Re4 47. Bg5 Rh2+ 48. Ke1 Rxd2 49. Kxd2 Rd4+ 50. Kc1 Bd3 51. b3 Bg6 52. Nf1
Rg4 53. Be3 Re4 54. Kd2 Kb7 55. Bg5 Ka6 56. Be3 Rh4 57. Bg5 Rh7 58. Kc3 Rd7 59.
Nd2 Rd3+ 60. Kb2 b5 61. axb5+ cxb5 62. cxb5+ Kxb5 63. Nb1 Bf7 64. Nc3+ Kc6 0-1

[Event "European Team-ch 2007"]
[Site "Crete GRE"]
[Date "2007.11.05"]
[Round "8.16"]
[White "Jankovic, Alojzije"]
[Black "Murariu, Andrei"]
[Result "1-0"]
[WhiteElo "2548"]
[BlackElo "2503"]
[PlyCount "79"]
[EventDate "2007.10.28"]
[EventType "team"]
[EventRounds "9"]
[EventCountry "GRE"]
[Source "lmi"]
[SourceDate "2007.10.28"]
[WhiteTeam "Croatia"]
[BlackTeam "Romania"]
[WhiteTeamCountry "CRO"]
[BlackTeamCountry "ROM"]

1. d4 Nf6 2. c4 c6 3. Nc3 d5 4. e3 a6 5. Nf3 b5 6. c5 g6 7. Bd3 Bg7 8. h3 O-O
9. O-O Bf5 10. Bxf5 gxf5 11. Ne5 e6 12. f3 Qc7 13. Nd3 a5 14. Bd2 Nbd7 15. Ne2
Rfe8 16. Be1 Nf8 17. Bg3 Qc8 18. Bd6 Ng6 19. g4 h5 20. gxf5 exf5 21. Qd2 Qe6
22. Kf2 Bh6 23. Nef4 Bxf4 24. Nxf4 Nxf4 25. exf4 Nd7 26. Rg1+ Kh7 27. Rg5 Kh6
28. Rag1 h4 29. Be5 f6 30. Rg6+ Kh7 31. Rg7+ Kh8 32. Kf1 Rg8 33. Qg2 Qe8 34.
Bxf6 Nxf6 35. Qg5 Qh5 36. Qxf6 Qxf3+ 37. Ke1 Qe4+ 38. Kd2 Qxf4+ 39. Kc2 Qe4+
40. Kc1 1-0

[Event "European Team-ch 2007"]
[Site "Crete GRE"]
[Date "2007.11.05"]
[Round "8.17"]
[White "Winants, Luc"]
[Black "Berend, Fred"]
[Result "1/2-1/2"]
[WhiteElo "2504"]
[BlackElo "2344"]
[PlyCount "135"]
[EventDate "2007.10.28"]
[EventType "team"]
[EventRounds "9"]
[EventCountry "GRE"]
[Source "lmi"]
[SourceDate "2007.10.28"]
[WhiteTeam "Belgium"]
[BlackTeam "Luxembourg"]
[WhiteTeamCountry "BEL"]
[BlackTeamCountry "LUX"]

1. d4 e6 2. c4 Nf6 3. Nc3 Bb4 4. e3 c5 5. Nge2 d5 6. a3 Ba5 7. dxc5 dxc4 8.
Qxd8+ Bxd8 9. Nd4 Nbd7 10. Bxc4 Nxc5 11. b4 Nce4 12. Nxe4 Nxe4 13. Bb2 Bf6 14.
Bd3 Nd6 15. e4 Bd7 16. f4 Bxd4 17. Bxd4 Bc6 18. f5 O-O 19. O-O Nxe4 20. fxe6
fxe6 21. Rxf8+ Kxf8 22. b5 Bd5 23. Rc1 Nf6 24. Rc7 Ne8 25. Rd7 Rc8 26. Kf2 Nf6
27. Bxf6 gxf6 28. Bxh7 Rc3 29. h4 Rxa3 30. h5 Ra2+ 31. Ke3 Rxg2 32. Bg6 Kg8 33.
Rf7 Rg3+ 34. Kf2 Rg2+ 35. Ke3 Rg3+ 36. Kf2 Rf3+ 37. Ke2 Rh3 38. Rxf6 Kg7 39.
Rf7+ Kh6 40. Rf4 Ra3 41. Be8 Kg5 42. Rf8 Rh3 43. Kf2 Rb3 44. Rg8+ Kh6 45. Rg6+
Kh7 46. Rf6 Kg7 47. Rf7+ Kh6 48. Rf6+ Kg5 49. Rg6+ Kf5 50. Rg8 Rh3 51. Bg6+ Kf4
52. Rf8+ Ke5 53. Ra8 Kf4 54. Rf8+ Kg5 55. Be8 Rb3 56. Rg8+ Kh6 57. Rg6+ Kxh5
58. Rxe6+ Kg4 59. Re5 Rf3+ 60. Ke2 Bc4+ 61. Kd2 Kf4 62. Re7 Rd3+ 63. Kc2 Re3
64. Rxe3 Kxe3 65. Kc3 Bf1 66. Kb4 Kd4 67. b6 axb6 68. Bh5 1/2-1/2

[Event "European Team-ch 2007"]
[Site "Crete GRE"]
[Date "2007.11.05"]
[Round "8.17"]
[White "Bakalarz, Mietek"]
[Black "Polaczek, Richard"]
[Result "1/2-1/2"]
[WhiteElo "2342"]
[BlackElo "2425"]
[PlyCount "33"]
[EventDate "2007.10.28"]
[EventType "team"]
[EventRounds "9"]
[EventCountry "GRE"]
[Source "lmi"]
[SourceDate "2007.10.28"]
[WhiteTeam "Luxembourg"]
[BlackTeam "Belgium"]
[WhiteTeamCountry "LUX"]
[BlackTeamCountry "BEL"]

1. d4 Nf6 2. Nf3 d5 3. Bf4 e6 4. e3 c5 5. dxc5 Bxc5 6. Be2 O-O 7. O-O Nc6 8. c4
Qb6 9. Nc3 Qxb2 10. Nb5 Ne4 11. Rc1 Rd8 12. cxd5 Rxd5 13. Qc2 Qxc2 14. Rxc2 Bb6
15. Bc4 Rd8 16. Nc7 Rb8 17. Nb5 1/2-1/2

[Event "European Team-ch 2007"]
[Site "Crete GRE"]
[Date "2007.11.05"]
[Round "8.17"]
[White "Dutreeuw, Marc"]
[Black "Brittner, Serge"]
[Result "1-0"]
[WhiteElo "2391"]
[BlackElo "2274"]
[PlyCount "51"]
[EventDate "2007.10.28"]
[EventType "team"]
[EventRounds "9"]
[EventCountry "GRE"]
[Source "lmi"]
[SourceDate "2007.10.28"]
[WhiteTeam "Belgium"]
[BlackTeam "Luxembourg"]
[WhiteTeamCountry "BEL"]
[BlackTeamCountry "LUX"]

1. e4 e6 2. d4 d5 3. Nd2 c5 4. exd5 Qxd5 5. Ngf3 cxd4 6. Bc4 Qd6 7. O-O Nf6 8.
Nb3 Nc6 9. Nfxd4 Nxd4 10. Qxd4 Bd7 11. Be3 Qxd4 12. Bxd4 Rc8 13. Bd3 a6 14. Na5
Bc6 15. Be2 Bd6 16. Rfd1 Ke7 17. Nxc6+ Rxc6 18. Bf3 Rc7 19. Rd3 Rb8 20. Rad1
Ne8 21. c3 f6 22. Bb6 Rc4 23. b3 Rcc8 24. Ba7 b5 25. Bxb8 Rxb8 26. Bc6 1-0

[Event "European Team-ch 2007"]
[Site "Crete GRE"]
[Date "2007.11.05"]
[Round "8.17"]
[White "Gengler, Pierre"]
[Black "Laurent, Bruno"]
[Result "0-1"]
[WhiteElo "2195"]
[BlackElo "2359"]
[PlyCount "94"]
[EventDate "2007.10.28"]
[EventType "team"]
[EventRounds "9"]
[EventCountry "GRE"]
[Source "lmi"]
[SourceDate "2007.10.28"]
[WhiteTeam "Luxembourg"]
[BlackTeam "Belgium"]
[WhiteTeamCountry "LUX"]
[BlackTeamCountry "BEL"]

1. e4 e6 2. d4 d5 3. Nc3 Bb4 4. exd5 exd5 5. Bd3 Nc6 6. a3 Ba5 7. Nge2 Nge7 8.
Bg5 f6 9. Be3 Bf5 10. O-O O-O 11. Ng3 Bxd3 12. Qxd3 Qd7 13. Nce2 Nd8 14. b4 Bb6
15. a4 c6 16. a5 Bc7 17. Bf4 Nf7 18. Bxc7 Qxc7 19. Nf5 Nxf5 20. Qxf5 Qe7 21.
Nf4 Rae8 22. Nd3 Nd6 23. Qf4 g5 24. Qd2 Qe2 25. Qc1 Nf5 26. h3 Nxd4 27. Nc5
Qxc2 28. Qd1 Ne2+ 29. Kh2 Qxd1 30. Rfxd1 Re7 31. Ra3 Nf4 32. b5 cxb5 33. g3 Ne6
34. Nxe6 Rxe6 35. Rxd5 a6 36. Rd7 Rf7 37. Rd8+ Kg7 38. Rc3 b6 39. axb6 Rxb6 40.
Ra8 b4 41. Rb3 Rc7 42. h4 Rc5 43. Ra7+ Kg6 44. h5+ Kxh5 45. Rd3 g4 46. Rxh7+
Kg6 47. Rdd7 Rh5+ 0-1

[Event "European Team-ch 2007"]
[Site "Crete GRE"]
[Date "2007.11.05"]
[Round "8.18"]
[White "Jones, Richard S"]
[Black "Savva, Panikos"]
[Result "1-0"]
[WhiteElo "2327"]
[BlackElo "2099"]
[PlyCount "85"]
[EventDate "2007.10.28"]
[EventType "team"]
[EventRounds "9"]
[EventCountry "GRE"]
[Source "lmi"]
[SourceDate "2007.10.28"]
[WhiteTeam "Wales"]
[BlackTeam "Cyprus"]
[WhiteTeamCountry "WLS"]
[BlackTeamCountry "CYP"]

1. e4 c5 2. Nf3 e6 3. d4 cxd4 4. Nxd4 Nc6 5. Nc3 Qc7 6. Be3 a6 7. Qd2 Nf6 8.
O-O-O b5 9. Bf4 e5 10. Nxc6 exf4 11. e5 dxc6 12. exf6 Be6 13. Qd4 g6 14. Be2
Bh6 15. Bf3 O-O 16. Qc5 Rac8 17. Rd6 Qa5 18. Kb1 Rfd8 19. Rxe6 fxe6 20. Bg4 Re8
21. Re1 Qd8 22. Bxe6+ Rxe6 23. Rxe6 Bf8 24. Qe5 Kf7 25. Qe2 Qd7 26. Re4 Re8 27.
Rxe8 Qxe8 28. Qxe8+ Kxe8 29. Ne4 Bb4 30. c3 Ba5 31. Kc2 Bc7 32. Kd3 Be5 33. Nc5
a5 34. Ke4 Bd6 35. Nd3 Kf7 36. Ne5+ Kxf6 37. Nxc6 Bc7 38. b4 axb4 39. cxb4 Bb6
40. f3 Be3 41. Nd4 Bd2 42. a3 Bc1 43. Nxb5 1-0

[Event "European Team-ch 2007"]
[Site "Crete GRE"]
[Date "2007.11.05"]
[Round "8.18"]
[White "Antoniou, Antonis"]
[Black "Kett, Tim"]
[Result "1-0"]
[WhiteElo "2163"]
[BlackElo "2257"]
[PlyCount "73"]
[EventDate "2007.10.28"]
[EventType "team"]
[EventRounds "9"]
[EventCountry "GRE"]
[Source "lmi"]
[SourceDate "2007.10.28"]
[WhiteTeam "Cyprus"]
[BlackTeam "Wales"]
[WhiteTeamCountry "CYP"]
[BlackTeamCountry "WLS"]

1. e4 e5 2. Bc4 f5 3. d3 Nf6 4. Nc3 Nc6 5. Bg5 fxe4 6. dxe4 Bb4 7. Nge2 Na5 8.
Qd3 c6 9. O-O-O b5 10. Be6 Qe7 11. Bh3 O-O 12. Ng3 d6 13. Bxc8 Raxc8 14. Nf5
Qe6 15. Bxf6 Rxf6 16. a3 Bxc3 17. Qxc3 Nb7 18. f3 g6 19. Nh6+ Kg7 20. Ng4 Rff8
21. Qe3 h5 22. Qh6+ Kg8 23. Nf2 Nd8 24. Qe3 Nf7 25. Kb1 a5 26. h4 b4 27. a4 d5
28. g4 d4 29. Qd2 b3 30. gxh5 bxc2+ 31. Qxc2 gxh5 32. Nh3 Rb8 33. Rhg1+ Kh8 34.
Ng5 Qb3 35. Qd2 Nd6 36. Rc1 Nc4 37. Nf7+ 1-0

[Event "European Team-ch 2007"]
[Site "Crete GRE"]
[Date "2007.11.05"]
[Round "8.18"]
[White "Morris, Charles F"]
[Black "Aristotelous, Vassilis"]
[Result "1-0"]
[WhiteElo "2198"]
[BlackElo "1960"]
[PlyCount "97"]
[EventDate "2007.10.28"]
[EventType "team"]
[EventRounds "9"]
[EventCountry "GRE"]
[Source "lmi"]
[SourceDate "2007.10.28"]
[WhiteTeam "Wales"]
[BlackTeam "Cyprus"]
[WhiteTeamCountry "WLS"]
[BlackTeamCountry "CYP"]

1. Nf3 d6 2. d4 Nf6 3. c4 g6 4. g3 Bg7 5. Bg2 O-O 6. O-O c6 7. Nc3 Qa5 8. e4
Bg4 9. h3 Bxf3 10. Bxf3 Nbd7 11. Be2 e5 12. Be3 Rfe8 13. d5 c5 14. Qd2 a6 15.
a3 Qd8 16. Bg5 Qe7 17. g4 Qf8 18. h4 h6 19. Be3 Nh7 20. Bd3 Qe7 21. f3 Qxh4 22.
Kg2 Qf6 23. Bxh6 Bxh6 24. Qxh6 Qg5 25. Rh1 Qxh6 26. Rxh6 Kg7 27. Rhh1 Rh8 28.
Bc2 Rac8 29. a4 Ng5 30. a5 f6 31. Rxh8 Rxh8 32. Ba4 Rd8 33. Ra3 Nf8 34. Rb3 Rb8
35. Bc6 Nf7 36. Rxb7 Nd7 37. Rxd7 Rxb2+ 38. Kg3 Rb3 39. Ne2 Kf8 40. Kg2 Ra3 41.
Ng1 Rxa5 42. Nh3 Ra2+ 43. Kg3 Rc2 44. Ra7 Rxc4 45. Rxa6 Rc3 46. Ra4 Kg7 47. Be8
Kf8 48. Bd7 Kg7 49. Be6 1-0

[Event "European Team-ch 2007"]
[Site "Crete GRE"]
[Date "2007.11.05"]
[Round "8.18"]
[White "Klerides, Paris"]
[Black "Spice, Alan"]
[Result "1-0"]
[WhiteElo "2183"]
[BlackElo "2170"]
[PlyCount "105"]
[EventDate "2007.10.28"]
[EventType "team"]
[EventRounds "9"]
[EventCountry "GRE"]
[Source "lmi"]
[SourceDate "2007.10.28"]
[WhiteTeam "Cyprus"]
[BlackTeam "Wales"]
[WhiteTeamCountry "CYP"]
[BlackTeamCountry "WLS"]

1. e4 e6 2. d4 d5 3. Nc3 Nf6 4. e5 Nfd7 5. Nce2 c5 6. c3 Nc6 7. f4 cxd4 8. Nxd4
Ndxe5 9. fxe5 Qh4+ 10. g3 Qe4+ 11. Qe2 Qxe5 12. Qxe5 Nxe5 13. Bb5+ Bd7 14.
Bxd7+ Kxd7 15. Ke2 Nc6 16. Ngf3 Bd6 17. Rf1 Rae8 18. Ng5 f6 19. Nf7 Rhf8 20.
Nxd6 Kxd6 21. b3 Nxd4+ 22. cxd4 Rg8 23. Ba3+ Kd7 24. Rac1 Rc8 25. Rxc8 Rxc8 26.
Rc1 Re8 27. Kd3 Rg8 28. g4 h6 29. Rc2 Rh8 30. Bc1 Re8 31. Bf4 e5 32. dxe5 fxe5
33. Be3 a6 34. a4 Rc8 35. Rxc8 Kxc8 36. h4 Kd7 37. h5 Ke6 38. Bc5 Kf6 39. Ke3
Ke6 40. Kf3 Kf6 41. Be3 Ke6 42. Bd2 Kf6 43. b4 b5 44. axb5 axb5 45. g5+ hxg5
46. Kg4 d4 47. Bxg5+ Ke6 48. Bd8 d3 49. Kf3 Kf5 50. Ke3 e4 51. Be7 g5 52. h6
Kg6 53. Bxg5 1-0